Landlocked Countries Containing Z - Statistics

General Stats
  • This quiz has been taken 26 times
  • The average score is 7 of 8
Answer Stats
Country % Correct
Zambia
100%
Kazakhstan
95%
Zimbabwe
95%
Azerbaijan
86%
Kyrgyzstan
86%
Uzbekistan
86%
Switzerland
82%
Czech Republic
68%
No matching quizzes found
Score Distribution
Percent of People with Each Score
Percentile by Number Answered
Your Score History
You have not taken this quiz